00334nam a2200121Ia 4500008004100000024001400041082001700055100001600072245004000088260002500128600002100153650003800174250506s9999 xx 000 0 und d a11B-52-BS a005.1072 ARE aAreeba Khan 0aCargo Managemnet System (code book) aKarachi:bUIT,c2011 aComputer Science aBachelor of Computer Science (BS)